000 00358nam a2200133Ia 4500
008 240719s9999 xx 000 0 und d
041 _aeng
082 _a657.02 GUP
100 _aGupta, ND
245 _aIndian Accounting Standards IFRS
260 _aNew Delhi
_bLexisnexis
_c2005
300 _a826;. P. 24 Cm
520 _aGifted By : IMT Faculty Dr.Pawan sir
999 _c41319
_d41319